000 00663nam a2200253Ia 4500
003 OSt
005 20220918172459.0
006 a|||||r|||| 00| 0
007 ta
008 220917b |||||||| |||| 00| 0 eng d
024 _a1,112
037 _cTextual
040 _aARTS
_cARTS
_beng
041 _2eng
_aeng
082 _aQ7.43, M5 (EV)
100 _aEngineer Asghar Ali ed
_941803
245 0 _aIslam in South and South East Asia
260 _aDelhi
_bAjanta
_c1985
300 _a229p.
_ccm.
500 _aBib 229p
650 _aRELIGION
942 _hQ7.43, M5 (EV)
_cTEXL
_2CC
999 _c144142
_d144142